La conquista de Cerdeña por Jaime II de Aragón
محفوظ في:
| المؤلف الرئيسي: | |
|---|---|
| التنسيق: | كتاب |
| اللغة: | الإسبانية |
| منشور في: |
Barcelona, España
Instituto Español de Estudios Mediterráneos
1952
|
| الموضوعات: | |
| الوسوم: |
إضافة وسم
لا توجد وسوم, كن أول من يضع وسما على هذه التسجيلة!
|
MARC
| LEADER | 00000nam a2200000 a 4500 | ||
|---|---|---|---|
| 001 | UCO0915 | ||
| 003 | CL-VaPUC | ||
| 005 | 20211020074436.0 | ||
| 008 | 000428e19520000SP |||||||||||||||||spa|d | ||
| 999 | |c 287553 |d 287551 | ||
| 040 | |c Pontificia Universidad Católica de Valparaíso | ||
| 082 | 0 | 4 | |a 946.02 ARR 1952 |2 21 |
| 100 | 0 | |a Arribas Palau, Antonio |e author |9 442541 | |
| 245 | 1 | 3 | |a La conquista de Cerdeña por Jaime II de Aragón |
| 260 | |a Barcelona, España |b Instituto Español de Estudios Mediterráneos |c 1952 | ||
| 300 | |a 486 páginas | ||
| 583 | |a last modification |c 20160817 11:38:24 |k Rodrigo Vera | ||
| 600 | 0 | 7 | |a JAIME II DE ARAGON |2 CL-VaPUC |9 442542 |
| 650 | 7 | |a HISTORIA DE ESPAÑA |2 CL-VaPUC |9 388280 |y SIGLO 14 | |
| 650 | 0 | |a Diplomacia |z ESPAÑA |9 256483 | |
| 650 | 7 | |a FEUDALISMO ESPAÑOL |2 CL-VaPUC |9 442543 |x EDAD MEDIA |z ARAGON |z CERDEÑA | |
| 852 | |a BIBCUR | ||
| 942 | |c BK |2 ddc | ||
| 945 | |d 20000428 00:00:00 |a rherrera | ||
| 952 | |0 0 |1 0 |2 ddc |4 0 |6 946_020000000000000_ARR_1952 |7 0 |8 A |9 334459 |a BIBHIS |b BIBHIS |d 2019-11-20 |i 126799K |o 946.02 ARR 1952 |p 126799K |r 2025-01-20 |t 1 |w 2019-11-20 |y BK |k HIS | ||